Geography Quiz

Random Geography or World Quiz

Ultimate Geography Challenge 'M' Quiz Stats

 Plays Quiz Updated Feb 13, 2019

Support Sporcle.
Go Orange.
Score 0/48 Timer 08:00
7 Plays Today
% Correct
Maine
91.8%
Montana
91.2%
Mississippi
91.1%
Michigan
89.8%
Minnesota
88.8%
Missouri
88.3%
Massachusetts
86.9%
Mexico
86.4%
Maryland
86.2%
Mali
85.2%
Madagascar
83.8%
Morocco
78.7%
Monaco
78.4%
Monaco
78.4%
Mauritania
76.4%
Mongolia
75.7%
Montenegro
75.3%
Malaysia
75.1%
Maldives
75%
Mauritius
74.5%
Moldova
74.4%
Malta
74.4%
Myanmar
73.9%
Mozambique
73.6%
% Correct
Malawi
73.3%
Mexico City
71.8%
Madrid
71.3%
Moscow
65.4%
Marshall Islands
63.7%
Micronesia
59.3%
Madison
56.1%
Montpelier
53.5%
Montgomery
52.6%
Montevideo
51.6%
Manila
50.3%
Male
50.1%
Managua
49.6%
Minsk
49.5%
Monrovia
47.2%
Maputo
47.1%
Manama
43.7%
Mogadishu
43.5%
Muscat
41.6%
Maseru
37.5%
Malabo
36.5%
Mbabane
36.4%
Majuro
36.4%
Moroni
34.9%

From the Vault

19th Century: First or Second Half

by kfastic

History 5m
This is a game of two halves.
Remove Ads.
Support Sporcle.
Get the best of Sporcle when you Go Orange. This ad-free experience offers more features, more stats, and more fun while also helping to support Sporcle. Thank you for becoming a member.

Show Comments

Extras

Top Quizzes Today


Score Distribution

Your Account Isn't Verified!

In order to create a playlist on Sporcle, you need to verify the email address you used during registration. Go to your Sporcle Settings to finish the process.

Report this User

Report this user for behavior that violates our Community Guidelines.

Details: